000 00742nam a2200253 i 4500
001 16188
003 ES-MaACL
005 20240417185701.0
007 t|
008 000707s1991 sp ||||1| spa d
020 _a84-375-0206-3
080 _a800.1
080 _a802/809
100 1 _aSapir, Edward.
_9103719
245 1 3 _aEl lenguaje
_b: introducción al estudio del habla /
_cpor Edward Sapir.
250 _a1ª ed. en español, 12ª reimp.
260 _aMadrid :
_bFondo de Cultura Económica,
_c1991.
300 _a280 p. ;
_c17 cm.
490 1 _aEl lenguaje ;
_v96
650 1 4 _aCampos de concentración.
_910712
830 0 _aLenguaje
_v96
_9228629
852 _aES-MaACL
_jL-23360
_bR.128525
999 _c16188
_d16188